Kappalchetham(കപ്പൽച്ചേതം) (Record no. 115295)

MARC details
000 -LEADER
fixed length control field 00432 a2200157 4500
005 - DATE AND TIME OF LATEST TRANSACTION
control field 20260327152745.0
008 - FIXED-LENGTH DATA ELEMENTS--GENERAL INFORMATION
fixed length control field 260327b |||||||| |||| 00| 0 eng d
020 ## - INTERNATIONAL STANDARD BOOK NUMBER
International Standard Book Number 9789364875646
080 ## - UNIVERSAL DECIMAL CLASSIFICATION NUMBER
Universal Decimal Classification number FM
Item number KAR/KA
100 ## - MAIN ENTRY--PERSONAL NAME
Personal name Karunakaran
245 ## - TITLE STATEMENT
Title Kappalchetham(കപ്പൽച്ചേതം)
260 ## - PUBLICATION, DISTRIBUTION, ETC. (IMPRINT)
Name of publisher, distributor, etc D C books.
Place of publication, distribution, etc Kottayam.
Date of publication, distribution, etc 2025.
300 ## - PHYSICAL DESCRIPTION
Extent 112p.
653 ## - INDEX TERM--UNCONTROLLED
Uncontrolled term Fiction-Short Story-Malayalam Literature
942 ## - ADDED ENTRY ELEMENTS (KOHA)
item type Under processing
Holdings
Lost status Source of classification or shelving scheme Not for loan Home library Current library Date acquired Cost, normal purchase price Total Checkouts Full call number Barcode Date last seen Cost, replacement price Price effective from Koha item type Public note
  Universal Decimal Classification Not For Loan University Library University Library 02/03/2026 100.01   FM KAR/KA 00097374 02/03/2026 150.00 02/03/2026 Books processing
University Library, CUSAT